Tecnología de comunicación de campo cercano (NFC) y sus aplicaciones
Αποθηκεύτηκε σε:
| Κύριος συγγραφέας: | |
|---|---|
| Μορφή: | Βιβλίο |
| Γλώσσα: | Spanish |
| Έκδοση: |
[San José, Costa Rica]
2011
|
| Θέματα: | |
| Ετικέτες: |
Προσθήκη ετικέτας
Δεν υπάρχουν, Καταχωρήστε ετικέτα πρώτοι!
|
MARC
| LEADER | 00000nam a22000007a 4500 | ||
|---|---|---|---|
| 003 | 010636 | ||
| 005 | 20221231143933.0 | ||
| 008 | 151111b2011 cr a|||| |||| 00| 0 spa d | ||
| 040 | |c cru CEDI | ||
| 090 | |a TFG 6468 | ||
| 100 | |9 2249 |a Chavarría Chavarría, Daniel Antonio | ||
| 245 | |a Tecnología de comunicación de campo cercano (NFC) y sus aplicaciones | ||
| 260 | |a [San José, Costa Rica] |c 2011 | ||
| 500 | |a "IE-0502 Proyecto Eléctrico" Proyecto de graduación (bachillerato en ingeniería eléctrica)--Universidad de Costa Rica. Facultad de Ingeniería. Escuela de Ingeniería Eléctrica | ||
| 650 | |x SISTEMAS MOVILES DE COMUNICACION |x REDES DE TELECOMUNICACIONES |x SISTEMAS DE TELECOMUNICACION |x TECNOLOGIA DEL BLUETOOTH |9 2250 | ||
| 942 | |c TFG | ||
| 999 | |c 14482 |d 14482 | ||
